La religion de l'ancienne Egypte / (Record n. 28121)

Dettagli MARC
000 -LEADER
fixed length control field 00760nam a2200229 i 4500
003 - CONTROL NUMBER IDENTIFIER
control field IT-RoINE
005 - DATE AND TIME OF LATEST TRANSACTION
control field 20181213102705.0
008 - FIXED-LENGTH DATA ELEMENTS--GENERAL INFORMATION
fixed length control field 041108s1910 fr a||||r |||||||fre|d
040 ## - CATALOGING SOURCE
Transcribing agency IT-RoINE
Modifying agency IT-RoINE
100 1# - MAIN ENTRY--PERSONAL NAME
Personal name Virey, Philippe,
Dates associated with a name 1853-1920
9 (RLIN) 55490
245 13 - TITLE STATEMENT
Title La religion de l'ancienne Egypte /
Statement of responsibility, etc par Philippe Virey.
260 ## - PUBLICATION, DISTRIBUTION, ETC. (IMPRINT)
Place of publication, distribution, etc Paris :
Name of publisher, distributor, etc Beauchesne,
Date of publication, distribution, etc 1910.
300 ## - PHYSICAL DESCRIPTION
Extent VIII, 352 p., [2] h. de lám. :
Other physical details il. ;
Dimensions 19 cm.
336 ## - CONTENT TYPE
Source rdacontent
Content type term text
337 ## - MEDIA TYPE
Source rdamedia
Media type term unmediated
338 ## - CARRIER TYPE
Source rdacarrier
Carrier type term volume
490 1# - SERIES STATEMENT
Series statement Etudes sur l'histoire des religions ;
Volume number/sequential designation 4
500 ## - GENERAL NOTE
General note "Table analytique": p. [315]-348.
650 #4 - SUBJECT ADDED ENTRY--TOPICAL TERM
Topical term or geographic name as entry element Religión egipcia
9 (RLIN) 55492
830 #0 - SERIES ADDED ENTRY--UNIFORM TITLE
Uniform title Etudes sur l'histoire des religions ;
9 (RLIN) 55491
Volume number/sequential designation 4
942 ## - ADDED ENTRY ELEMENTS (KOHA)
Item type Monografías
Dati di copia
Withdrawn status Lost status Damaged status Not for loan Home library Current library Date acquired Total Checkouts Full call number Barcode Date last seen Price effective from Koha item type
        Iglesia Nacional Española en Roma Iglesia Nacional Española en Roma 13/12/2018   TEO 2202 53798 13/12/2018 13/12/2018 Monografías